Szczegóły MARC21

Media - dysleksja - terapia pedagogiczna /

003 -Nazwa inst., której nr kontr. jest w polu 001 [,]
    • @
    • Nazwa instytucji, której n kontrolny jest w polu 001
    • NUKAT
005 -DATA I CZAS OSTATNIEJ MODYFIKACJI [,]
    • @
    • pole kontrolne
    • 20241231103520.0
020 -Międzynarod. znormalizowany nr książki - ISBN [ , ]
    • a
    • Numer ISBN
    • 9788376115559 Find
040 -Instytucja sporządzająca opis [ , ]
    • a
    • Instytucja, która sporządziła opis (NP)
    • WR U/mbo
    • c
    • Instytucja, która sporządziła rekord (NP)
    • WR U/mbo
    • d
    • Instytucja, która zmodyfikowała rekord (P)
    • WR U/hb
    • d
    • Instytucja, która zmodyfikowała rekord (P)
    • POZN U/KaKs
942 -Rodzaj dokumentu [ , ]
    • c
    • Rodzaj dokumentu
    • Książka
100 -Hasło główne - nazwa osobowa [1, ]
    • a
    • Nazwa osobowa (NP)
    • Nowicka, Ewa
    • c
    • Dopowiedzenie inne niż daty biograficzne (P)
    • (pedagogika).
    • 9
    • KHW
    • 545060
245 -Strefa tytułu i oznaczenia odpowiedzialności [1,0]
    • a
    • Tytuł
    • Media - dysleksja - terapia pedagogiczna / Find
    • c
    • Pozostałe elementy strefy tytułu i oznaczenia odpowiedzialności (NP)
    • Ewa Nowicka.
260 -Strefa adresu wydawniczego [ , ]
    • a
    • Miejsce wydania (P)
    • Toruń :
    • b
    • Nazwa wydawcy (P)
    • Wydawnictwo Adam Marszałek,
    • c
    • Data wydania (P)
    • 2010.
300 -Strefa opisu fizycznego [ , ]
    • a
    • Określenie formy książki i/lub objętość (NP)
    • 203 s. :
    • b
    • Oznaczenie ilustracji (NP)
    • il. ;
    • c
    • Format (NP)
    • 23 cm.
336 -Typ zawartości [ , ]
    • a
    • Termin opisujący typ zawartości
    • Tekst
    • b
    • Kod określający zawartość
    • txt
    • 2
    • Źródło (terminu i kodu)
    • rdacontent
337 -Typ mediów [ , ]
    • a
    • Tryb odtwarzania
    • Bez urządzenia pośredniczącego
    • b
    • Kod typu mediów
    • n
    • 2
    • Źródło (terminu i kodu)
    • rdamedia
338 -Typ/rodzaj nośnika [ , ]
    • a
    • Hasło opisujące typ nośnika
    • Wolumin
    • b
    • Kod typu nośnika
    • nc
    • 2
    • Źródło (terminu i kodu)
    • rdacarrier
490 -Strefa serii i książki wielotomowej - forma nie do wyszukiwania [1, ]
    • a
    • Tytuł (P)
    • Biblioteka Pedagogiki Mediów Find
830 -Hasło dodatkowe serii i opisu książki wielotomowej - tytuł ujednolicony/tytuł [ ,0]
    • a
    • Tytuł ujednolicony/tytuł (NP)
    • Biblioteka Pedagogiki Mediów
    • 9
    • KHW
    • 23804
500 -Uwaga ogólna [ , ]
    • a
    • Uwaga ogólna (NP)
    • Publikacja powstała na podstawie dysertacji doktorskiej.
504 -Uwaga dot. bibliogr. załącznikowej [ , ]
    • a
    • Uwaga dot. bibliografii załącznikowej
    • Bibliogr. s. [195]-203.
080 -Uniwersalna Klasyfikacja Dziesiętna [ , ]
    • 2
    • Identyfikator wydania tablic
    • UDC-P058
    • 9
    • UKD
    • 3896
    • a
    • Symbol klasyfikacji
    • 373.3.016:003-028.31
    • b
    • Dopowiedzenie
    • Nauczanie pisania i czytania w szkole podstawowej (na poziomie elementarnym). Dysleksja i dysgrafia.
080 -Uniwersalna Klasyfikacja Dziesiętna [ , ]
    • 2
    • Identyfikator wydania tablic
    • UDC-P058
    • 9
    • UKD
    • 1921
    • a
    • Symbol klasyfikacji
    • 003
    • b
    • Dopowiedzenie
    • Rodzaje pisma. Znaki i symbole. Kody. Graficzne przedstawienie pojęć.
    • 4
    • UKD2
    • 23802
    • x
    • Poddział wspólny
    • -028.31
    • c
    • Dopowiedzenie poddz. wspólnego
    • Elementarny, prosty
080 -Uniwersalna Klasyfikacja Dziesiętna [ , ]
    • 2
    • Identyfikator wydania tablic
    • UDC-P058
    • 9
    • UKD
    • 3887
    • a
    • Symbol klasyfikacji
    • 37.091.64
    • b
    • Dopowiedzenie
    • Pomoce naukowe (szkolne) i materiały nauczania. Podręczniki szkolne, czasopisma szkolne, mapy i globusy, filmy. Radio i telewizja w szkole, komputery, eksponaty, modele. Gry dydaktyczne, gry edukacyjne.
650 -Hasło przedmiotowe [ ,7]
    • a
    • Hasło przedmiotowe
    • Dysleksja.
    • 2
    • Źródło terminu
    • kaba
    • 9
    • KHW
    • 106780
650 -Hasło przedmiotowe [ ,7]
    • a
    • Hasło przedmiotowe
    • Dysleksja
    • x
    • Określnik rzeczowy
    • leczenie.
    • 2
    • Źródło terminu
    • kaba
    • 9
    • KHW
    • 364893
650 -Hasło przedmiotowe [ ,7]
    • a
    • Hasło przedmiotowe
    • Dzieci dyslektyczne
    • x
    • Określnik rzeczowy
    • edukacja.
    • 2
    • Źródło terminu
    • kaba
    • 9
    • KHW
    • 106912
650 -Hasło przedmiotowe [ ,7]
    • a
    • Hasło przedmiotowe
    • Multimedia w edukacji.
    • 2
    • Źródło terminu
    • kaba
    • 9
    • KHW
    • 120060
980 -Symbol UKD [ , ]
    • a
    • UKD
    • 373.3.016:003-028.31:003:37.091.64
710 -Hasło dodatkowe - nazwa ciała zbiorowego [2, ]
    • a
    • Nazwa ciała zbiorowego lub nazwa geograficzna jako pierwszy element (NP)
    • Wydawnictwo Adam Marszałek.
    • 4
    • Kod relacji
    • pbl
    • 9
    • KHW
    • 53600
920 -ISBN [ , ]
    • a
    • ISBN
    • 978-83-7611-555-9 Find
Numer inwentarzowy Status udost. Data inwentaryzacji Lokalizacja
Z.11516912011-03-21BG
WM.12240-32011-03-21BG
WM.12241-32011-03-21BG